00433nam a2200157Ia 450000500170000000800460001703700120006304000210007504100130009608400230010910000220013224500440015426000480019830000150024665000140026120250508152040.0008 250505s9999 xx 000 0 eng d aTextual aFEDL bengcFEDL aeng2eng a370.973, HUTqFEDL aHutchins Robert M 0aSome observations on American education aCambridgebCambridge University Pressc1956 axiii,112p. aEducation